000 00522nam a2200193 a 4500
001 23319
003 CO-ViMGA
008 141112s2004 ck r 000 u spa d
020 _a9788432300080
040 _aCO-ViMGA
_bspa
_cCO-ViMGA
082 0 4 _a940.28 M655e
100 1 _aMommsen, Wolfgang J.
_933611
245 1 0 _aLa epoca del imperialismo
260 _aColombia :
_bSiglo Veintiuno
300 _a360p.
490 _aHistoria universal siglo XXI; v. 28
650 1 4 _aHISTORIA - IMPERIALISMO
_933612
942 _2ddc
_cBK
999 _c31541
_d31541